000 00418nam a2200145 i 4500
001 bg
100 1 _aKRONENBERG, Max.
245 0 _aGrundzüge der Zerspanungstheorie.
_nBd. 3,
_pMehrschneidige Zerspanung - Umfangfräsen, Rümen /
_cMax Kronenberg.
250 _a2 vollst. neu bearb. Aufl.
260 _aBerlin,
_c1969.
040 _cBPK
041 _apol
942 _cKS
008 s pl f |000 0 pol
999 _c34824
_d34824
856 _uhttp://koha.tu.koszalin.pl/cgi-bin/koha/opac-detail.pl?biblionumber=34824
_yKatalog online BPK